000 02158cam a22003134a 4500
001 13028188
003 ARRUPE
005 20150302114556.0
008 021211s2003 ilua b 001 0 eng
010 _a 2002155569
020 _a0226482146 (alk. paper)
040 _aDLC
_cDLC
_dDLC
042 _apcc
050 0 0 _aBL245
_b.W485 2003
082 0 0 _a261.5/5
_221
100 _aLindberg, David C and Numbers, Ronald L.
_915359
245 0 0 _aWhen science & Christianity meet /
_cedited by David C. Lindberg and Ronald L. Numbers.
246 3 _aWhen science and Christianity meet
260 _aChicago :
_bUniversity of Chicago Press,
_cc2003.
300 _axii, 357 p. :
_bill. ;
_c24 cm.
504 _aIncludes bibliographical references (p. 327-337) and index.
505 0 _aThe medieval church encounters the classical tradition : Saint Augustine, Roger Bacon, and the handmaiden metaphor / David C. Lindberg -- Galileo, the Church, and the cosmos / David C. Lindberg -- Christianity and the mechanistic universe / William B. Ashworth Jr. -- Matter, force, and the Christian worldview in the Enlightenment / Thomas H. Broman -- Noah's flood, the ark, and the shaping of early modern natural history / Janet Browne -- Genesis and geology revisited : the order of nature and the nature of order in nineteenth-century Britain / Mott T. Greene -- Men before Adam! : American debates over the unity and antiquity of humanity / G. Blair Nelson -- Re-placing Darwinism and Christianity / David N. Livingston -- Science, miracles, and the prayer-gauge debate / Robert Bruce Mullin -- Psychoanalysis and American Christianity, 190045 / Jon H. Roberts -- The scopes trial in history and legend / Edward J. Larson -- Science without God : natural laws and Christian beliefs / Ronald L. Numbers.
650 0 _aReligion and science
_xHistory.
_99996
700 1 _aLindberg, David C.
_915360
700 1 _aNumbers, Ronald L.
_915361
906 _a7
_bcbc
_corignew
_d1
_eecip
_f20
_gy-gencatlg
942 _2lcc
_cMONOGRAPH
999 _c122120
_d122120